El centro de Medellín y el ciudadano : notas aproximativas (Registro nro. 469559)

Detalles MARC
001 - NÚMERO DE CONTROL
campo de control 1096291
005 - FECHA Y HORA DE LA ÚLTIMA TRANSACCIÓN
campo de control 20260507084000.0
008 - DATOS DE LONGITUD FIJA--INFORMACIÓN GENERAL
campo de control de longitud fija 080806e19830806 spa
035 ## - NÚMERO DE CONTROL DEL SISTEMA
Número de control de sistema 1096291
040 ## - FUENTE DE LA CATALOGACIÓN
Centro/agencia transcriptor comduadb
041 ## - CÓDIGO DE LENGUA
Código de lengua del texto/banda sonora o título independiente spa
080 ## - NÚMERO DE LA CLASIFICACIÓN DECIMAL UNIVERSAL
Número de la Clasificación Decimal Universal AV/
100 10 - ENTRADA PRINCIPAL--NOMBRE DE PERSONA
Nombre de persona Viviescas Monsalve, Fernando,
Fechas asociadas al nombre 1945-
Código de función aut
Número de control del registro de autoridad o número normalizado (isni)0000 0000 2945 367X
-- (viaf)60691253
Término indicativo de función/relación Autor/a
9 (RLIN) 534714
245 13 - MENCIÓN DE TÍTULO
Título El centro de Medellín y el ciudadano : notas aproximativas
260 ## - PUBLICACIÓN, DISTRIBUCIÓN, ETC.
Lugar de publicación, distribución, etc. Medellín :
Nombre del editor, distribuidor, etc. [sin publicador],
Fecha de publicación, distribución, etc. 1983.
300 ## - DESCRIPCIÓN FÍSICA
Extensión 46 hojas
650 ## - PUNTO DE ACCESO ADICIONAL DE MATERIA--TÉRMINO DE MATERIA
Término de materia o nombre geográfico como elemento de entrada Centro de la Ciudad - Medellín
9 (RLIN) 14583
650 #7 - PUNTO DE ACCESO ADICIONAL DE MATERIA--TÉRMINO DE MATERIA
Término de materia o nombre geográfico como elemento de entrada Espacio urbano
Subdivisión geográfica Medellín (Antioquia, Colombia)
Fuente del encabezamiento o término lemb
9 (RLIN) 35640
650 ## - PUNTO DE ACCESO ADICIONAL DE MATERIA--TÉRMINO DE MATERIA
Término de materia o nombre geográfico como elemento de entrada Planificación urbana - Medellín (Antioquia, Colombia)
9 (RLIN) 7965
650 ## - PUNTO DE ACCESO ADICIONAL DE MATERIA--TÉRMINO DE MATERIA
Término de materia o nombre geográfico como elemento de entrada Guayaquil (Medellin)
9 (RLIN) 38082
942 ## - ELEMENTOS DE ENTRADA AGREGADA (KOHA)
Tipo de ítem Koha Libros
Existencias
Estado de retiro Estado de pérdida Estado dañado No para préstamo Código de colección Localización permanente Ubicación/localización actual Fecha de adquisición Fuente de adquisición Número de inventario Total de préstamos Signatura topográfica completa Código de barras Fecha visto por última vez Número de copia Precio válido a partir de Tipo de ítem Koha
        Colección General Instituto de Estudios Regionales INER (BL. 9-242) Instituto de Estudios Regionales INER (BL. 9-242) 06/08/2008 Material adquirido por donación C1012776   Av/F/0374 0639974 28/04/2023 1 28/04/2023 Folleto/Plegable